02433cam a22003735a 4500999001700000001000900017005001700026008004100043010001700084020001500101020001800116035002300134040006000157043001200217082002800229100002700257245010600284250001200390260004300402300002400445500002000469520100500489541003601494600002701530610006301557650005301620650004101673650006501714651005801779651006301837653002101900942000801921952013001929 c26789d267611419061720180904133416.0051206t2006 nyua frb 001 0 eng d a 2005057854 a031233771X a9780312337711 a(OCoLC)ocm62593797 aDLCbengcDLCdBAKERdC#PdBURdIXAdVP@dDLCdEG-ScBUE aa-is---04a327.1256940092bHAL2221 aHalevy, Efraim,d1934-10aMan in the shadows :binside the Middle East crisis with the man who led the Mossad /cEfraim Halevy. a1st ed. aNew York :bSt. Martin's Press,c2006. ax, 292 p. ;c25 cm. aIncludes index. aMossad is thought by many to be one of the most powerful intelligence agencies in the world. Halevy, a Mossad officer since 1961 and its chief 1998-2002, provides an unprecedented portrait of the Middle East crisis. Halevy was privy to many of the negotiations that determined the progress of the struggle for peace during the years when the threat of Islamic terror became increasingly powerful. He writes candidly about the workings of the Mossad, the prime ministers he served under, and the other major players on the international stage: Arafat, Saddam Hussein, Hafiz al-Assad, Gadhafi, Bill Clinton, George H. W. Bush, and George W. Bush. He describes running an intelligence agency in a time when heads of state are using intelligence to protect their nations while, at the same time, acting to protect themselves politically. Most important, he writes about how the world might achieve peace in the face of the growing threat from Islamic terrorist organizations.--From publisher description. aCounselor Medhat Abou El Fadl ;10aHalevy, Efraim,d1934-10aIsrael.bMosad le-modiin ve-tafkidim meyuhadimvBiography. 7aIntelligence officerszIsraelvBiography.2BUEsh 7aIntelligence servicezIsrael.2BUEsh 7aArab-Israeli conflicty1993-xSecret servicezIsrael.2BUEsh 7aIsraelxPolitics and governmenty20th century.2BUEsh 7aMiddle EastxPolitics and governmenty20th century.2BUEsh bBUSBOLcJune2018 2ddc 00102ddc40708Donation-GaMAINbMAINc1STd2018-06-11eDonationl0o327.1256940092 HALp000043440r2025-07-15 00:00:00yBB